Statistics for Countries voting against condemning Syria Chemical incident

Click here to take the quiz!

General Stats

  • This quiz has been taken 28 times
  • The average score is 10 of 15

Answer Stats

Hint Answer % Correct
4China
95%
6Iran
95%
9North Korea
95%
10Russia
95%
1Belarus
76%
5Cuba
76%
14Venezuela
71%
13Uzbekistan
62%
12Syria
57%
2Bolivia
48%
3Cambodia
43%
11Sudan
43%
15Zimbabwe
38%
7Myanmar
33%
8Nicaragua
29%

Score Distribution

Percentile by Number Answered

Percent of People with Each Score

Your Score History

You have not taken this quiz